[Event "NED-ch U13"]
[Site "Rijswijk"]
[Date "2005.05.07"]
[Round "9"]
[White "Van der Zee, Luuc"]
[Black "Sedee, Wouter"]
[Result "0-1"]
[WhiteElo "1430"]
[BlackElo "1485"]
[PlyCount "48"]
[EventDate "2005.05.05"]
[EventType "swiss"]
[EventRounds "9"]
[EventCountry "NED"]
[SourceTitle "EXT 2013"]
[Source "ChessBase"]
[SourceDate "2012.11.22"]
[SourceVersion "1"]
[SourceVersionDate "2012.11.22"]
[SourceQuality "1"]

1. e4 c5 2. Nc3 d6 3. f4 Nc6 4. d3 Nf6 5. Nf3 e6 6. Be2 Be7 7. 0-0 a6 8. h3 b5 9. Nh2 Bb7 10. g4 Nd4 11. Nb1 Qb6 12. c3 Nxe2+ 13. Qxe2 c4+ 14. Be3 Qc6 15. g5 cxd3 16. Qxd3 Nxe4 17. Qc2 Nxg5 18. Ng4 Qh1+ 19. Kf2 Qg2+ 20. Ke1 Qxc2 21. fxg5 Qxb2 22. Bd4 Qxa1 23. Kf2 Qxa2+ 24. Kg1 Qg2# 0-1